Analyzing the distributional impact of selected reforms (Registro nro. 163410)
[ vista simple ]
| 000 -ENCABEZADO | |
|---|---|
| Número de control [NR] | 01612cam a22003854a 4500 |
| 003 - IDENTIFICADOR DE CONTROL NÚMERO | |
| control field | The World Bank |
| 005 - FECHA Y HORA DE LA ÚLTIMA TRANSACCIÓN | |
| control field | 20140910090235.0 |
| 006 - DE LONGITUD FIJA DE DATOS ELEMENTOS - CARACTERÍSTICAS ADICIONALES DEL MATERIAL - INFORMACIÓN GENERAL | |
| fixed length control field | m d |
| 007 - CAMPO DESCRIPCIÓN FÍSICA FIJA - INFORMACIÓN GENERAL | |
| fixed length control field | cr cn||||||||| |
| 008 - DE LONGITUD FIJA DE DATOS DE ELEMENTOS - INFORMACIÓN GENERAL | |
| Elementos de longitud fija [NR] | 050610m20059999dcua b i000 0 eng |
| 010 ## - NUMERO DE CONTROL DE LA BIBLIOTECA DEL CONGRESO (LC) [NR] | |
| Número de control LC [NR] | 2005050942 |
| 020 ## - NUMERO INTERNACIONAL NORMALIZADO PARA LIBROS [R] | |
| Número Internacional Normalizado del libro [NR] | 0821361813 (v. 1) |
| 020 ## - NUMERO INTERNACIONAL NORMALIZADO PARA LIBROS [R] | |
| Número Internacional Normalizado del libro [NR] | 0821363484 (v. 2) |
| 035 ## - NUMERO DE CONTROL DEL SISTEMA [R] | |
| Número de control del sistema [NR] | (The World Bank)2005050942 |
| 040 ## - FUENTE DE CATALOGACION [NR] | |
| Agencia de catalogación original [NR] | DLC |
| Quien Cataloga | |
| Quien Clasifica | |
| 042 ## - CODIGO DE AUTENTICACION [NR] | |
| Código de autenticación [R] | pcc |
| 043 ## - CODIGO DE AREA GEOGRAFICA [NR] | |
| Código de área geográfica [R] | d------ |
| 050 00 - SIGNATURA TOPOGRAFICA DE LA BIBLIOTECA DEL CONGRESO (LC) [R] | |
| Número clasificador [R] | HC59.7 |
| Número del ítem [NR] | .A782 2005 |
| 082 00 - NUMERO DE CLASIFICACION DECIMAL DEWEY [R] | |
| Número de clasificación [R] | 339.4/6/091724 |
| Número de la edición [NR] | 22 |
| 245 00 - MENCION DE TITULO [NR] | |
| Título [NR] | Analyzing the distributional impact of selected reforms |
| Medio físico [NR] | recurso electrónico cedited by Aline Coudouel, Stefano Paternostro. |
| 246 1# - FORMA VARIANTE DEL TITULO [R] | |
| Texto a desplegar [NR] | Vol. 2 has titleaAnalyzing the distributional impact of reforms |
| 260 ## - PUBLICACION, DISTRIBUCION, ETC. (PIE DE IMPRENTA) [R] | |
| Lugar de publicación, distribución, etc. [R] | Washington, D.C. bWorld Bankcc2005- |
| Nombre del editor, distribuidor, etc. [R] | xx |
| Fecha de publicación, distribución, etc. [R] | xx |
| 300 ## - DESCRIPCION FISICA [R] | |
| Extensión [R] | v. <1-2 > bill. c23 cm. +e 1 CD-ROM (4 3/4 in.) |
| 505 1# - NOTA DE CONTENIDO CON FORMATO PREESTABLECIDO [R] | |
| Nota de contenido con formato preestablecido [NR] | v. 1. A practitioner's guide on trade, monetary and exchange rate policy, utility provision, agricultural markets, land policy, and education -- v. 2. Analyzing the distributional impact of reforms |
| 650 #0 - ASIENTO SECUNDARIO DE MATERIA - TERMINO TEMATICO [R] | |
| Término temático o nombre geográfico como elemento de entrada [NR] | Poverty |
| Subdivisión geográfica [R] | Developing countries. |
| 9 (RLIN) | 31139 |
| 651 #0 - ASIENTO SECUNDARIO DE MATERIA - NOMBRE GEOGRAFICO [R] | |
| Nombre geográfico [NR] | Developing countries |
| Subdivisión general [R] | Economic policy. |
| 9 (RLIN) | 31140 |
| 700 1# - ASIENTO SECUNDARIO - NOMBRE PERSONAL [R] | |
| Nombre personal [NR] | Coudouel, Aline. |
| 9 (RLIN) | 31141 |
| 700 1# - ASIENTO SECUNDARIO - NOMBRE PERSONAL [R] | |
| Nombre personal [NR] | Paternostro, Stefano. |
| 9 (RLIN) | 31142 |
| 710 2# - ASIENTO SECUNDARIO - NOMBRE CORPORATIVO [R] | |
| Nombre corporativo o de jurisdicción como elemento de entrada [NR] | World Bank. |
| 9 (RLIN) | 4764 |
| 773 0# - ASIENTO DEL ITEM FUENTE [R] | |
| Lugar, editorial y fecha de publicación [NR] | xx xx xx |
| Otro identificador del ítem [R] | worldbank |
| Título [NR] | World Bank |
| 776 08 - ASIENTO DE SOPORTE FISICO ADICIONAL [R] | |
| Asiento principal [NR] | Print Versionz9780821363485 |
| 830 #0 - ASIENTO SECUNDARIO DE SERIE--TITULO UNIFORME [R] | |
| Título uniforme [NR] | World Bank e-Library. |
| 9 (RLIN) | 31143 |
| 856 40 - LOCALIZACION Y ACCESO ELECTRONICOS [R] | |
| Identificador Uniforme del Recurso (“URI”) [R] | <a href="http://ez.urosario.edu.co/login?url=http://elibrary.worldbank.org/content/book/9780821363485">http://ez.urosario.edu.co/login?url=http://elibrary.worldbank.org/content/book/9780821363485</a> |
| 942 ## - ELEMENTOS DE ENTRADA AGREGADOS (KOHA) | |
| Tipo de ítem principal el descrito en 300a | Recurso electrónico |
| Prefijo de la signatura top. (colección) | |
| Sistema de clasificación | DEWEY |
| Clasificación | 339.4 |
No hay ítems disponibles.